Principles of environmental science : (Record no. 95)
[ view plain ]
| 000 -LEADER | |
|---|---|
| fixed length control field | 00692cam a2200217 4500 |
| 001 - CONTROL NUMBER | |
| control field | 110 |
| 005 - DATE AND TIME OF LATEST TRANSACTION | |
| control field | 20181127160417.0 |
| 008 - FIXED-LENGTH DATA ELEMENTS--GENERAL INFORMATION | |
| fixed length control field | 021002s2004 mauab 001 0 eng |
| 010 ## - LIBRARY OF CONGRESS CONTROL NUMBER | |
| LC control number | 2002151069 |
| 020 ## - INTERNATIONAL STANDARD BOOK NUMBER | |
| International Standard Book Number | 0071214496 (ISE) |
| International Standard Book Number | 0072509317 (pbk. : acid-free paper) |
| International Standard Book Number | 0072919833 |
| 100 1# - MAIN ENTRY--PERSONAL NAME | |
| Personal name | Cunningham, William P. |
| 245 10 - TITLE STATEMENT | |
| Title | Principles of environmental science : |
| Remainder of title | inquiry and applications / |
| Statement of responsibility, etc. | William P. Cunningham, Mary Ann Cunningham. |
| 250 ## - EDITION STATEMENT | |
| Edition statement | 4th ed. |
| 260 ## - PUBLICATION, DISTRIBUTION, ETC. | |
| Place of publication, distribution, etc. | New Delhi : |
| Name of publisher, distributor, etc. | Tata McGraw-Hill, |
| Date of publication, distribution, etc. | 2009. |
| 300 ## - PHYSICAL DESCRIPTION | |
| Extent | xxii, 410 p. : |
| Other physical details | ill. , maps ; |
| Dimensions | 28 cm. |
| 500 ## - GENERAL NOTE | |
| General note | Includes index. |
| 650 #0 - SUBJECT ADDED ENTRY--TOPICAL TERM | |
| Topical term or geographic name entry element | Environmental sciences. |
| 700 1# - ADDED ENTRY--PERSONAL NAME | |
| Personal name | Cunningham, Mary Ann. |
| Withdrawn status | Lost status | Source of classification or shelving scheme | Damaged status | Not for loan | Collection code | Home library | Current library | Shelving location | Date acquired | Serial Enumeration / chronology | Inventory number | Full call number | Barcode | Date last seen | Copy number | Price effective from | Koha item type | Total Checkouts | Date last checked out |
|---|---|---|---|---|---|---|---|---|---|---|---|---|---|---|---|---|---|---|---|
| Dewey Decimal Classification | Main TEST | RTC Library | RTC Library | Main opac | 13/06/2022 | 3853 | 333.7 CUN 2008 c.1 | 30003055 | 27/11/2018 | 1 | 27/11/2018 | Main | |||||||
| Dewey Decimal Classification | Main TEST | RTC Library | RTC Library | Main opac | 3856 | 333.7 CUN | 30005479 | 27/11/2018 | 2 | 27/11/2018 | Main | ||||||||
| Dewey Decimal Classification | Main TEST | RTC Library | RTC Library | Main opac | 3857 | 333.7 CUN | 30005621 | 11/09/2019 | 3 | 27/11/2018 | Main | 1 | 22/08/2019 |